Największe miasta w Polsce bez litery A - Statystyki

Ogólne statystyki
  • Ten quiz został rozwiązany 117 razy
  • Średni wynik to 14 z 20
Statystyki odpowiedzi
Miasto Populacja % Poprawnych
Łódź 652,015
93%
Bydgoszcz 326,434
91%
Lublin 329,565
90%
Szczecin 389,066
89%
Toruń 194,771
89%
Kielce 182,295
83%
Olsztyn 167,311
83%
Rzeszów 197,268
81%
Opole 126,077
75%
Gorzów Wielkopolski 115,247
66%
Bytom 147,759
65%
Elbląg 112,963
63%
Sosnowiec 187,115
63%
Gliwice 169,915
61%
Rybnik 130,887
56%
Tychy 122,045
56%
Chorzów 100,593
51%
Płock 111,190
46%
Grudziądz 88,658
40%
Słupsk 85,504
40%
Nie znaleziono quizów pasujących do podanych kryteriów
Rozkład punktacji
Procent ludzi z każdym wynikiem
Percentyl według liczby udzielonych odpowiedzi
Twoja historia wyników
Nie rozwiązałeś tego quizu